000 00319nam a22001337a 4500
008 170202b xxu||||| |||| 00| 0 eng d
020 _a0838561233
041 _aeng
080 _24TH
_a61
100 _a3
101 _aSHM
245 _aMANAGEMENT PRACTICES FOR THE HEALTH PROFESSIONALS
_cLONGEST, B.B
942 _2udc
_cBK
999 _c4290
_d4290